Child and Adolescent Psychology (Record no. 11455)

MARC details
000 -LEADER
fixed length control field 00562nam a22002057a 4500
005 - DATE AND TIME OF LATEST TRANSACTION
control field 20260515114937.0
008 - FIXED-LENGTH DATA ELEMENTS--GENERAL INFORMATION
fixed length control field 230121b ||||| |||| 00| 0 eng d
020 ## - INTERNATIONAL STANDARD BOOK NUMBER
International Standard Book Number 9789391447786
040 ## - CATALOGING SOURCE
Original cataloging agency IN-DiNC
Transcribing agency IN-DiNC
041 ## - LANGUAGE CODE
Language code of sung or spoken text eng
082 ## - DEWEY DECIMAL CLASSIFICATION NUMBER
Classification number 155.4/
Item number GOG
100 ## - MAIN ENTRY--PERSONAL NAME
Personal name Gogoi, Poban
Relator term author
245 ## - TITLE STATEMENT
Title Child and Adolescent Psychology
Statement of responsibility, etc. by Poban Gogoi and Bornali Deka
250 ## - EDITION STATEMENT
Edition statement 1st ed.
260 ## - PUBLICATION, DISTRIBUTION, ETC.
Place of publication, distribution, etc. Golaghat:
Name of publisher, distributor, etc. Saraswati Prakashan,
Date of publication, distribution, etc. 2022.
300 ## - PHYSICAL DESCRIPTION
Extent 299p.
650 ## - SUBJECT ADDED ENTRY--TOPICAL TERM
Topical term or geographic name entry element Child Psychology
700 ## - ADDED ENTRY--PERSONAL NAME
Personal name Deka, Bornali
Relator term author
942 ## - ADDED ENTRY ELEMENTS (KOHA)
Source of classification or shelving scheme Dewey Decimal Classification
Koha item type Books
Holdings
Withdrawn status Lost status Source of classification or shelving scheme Damaged status Not for loan Collection Home library Current library Shelving location Date acquired Cost, normal purchase price Total checkouts Full call number Barcode Date last seen Copy number Price effective from Koha item type Date last checked out
    Dewey Decimal Classification       Naharkatiya College Library Naharkatiya College Library General stacks 01/21/2023 260.00   155.4/ GOG 29218 01/21/2023 1 01/21/2023 Books  
    Dewey Decimal Classification       Naharkatiya College Library Naharkatiya College Library General stacks 01/21/2023 260.00 5 155.4/ GOG 29219 04/22/2025 2 01/21/2023 Books 03/27/2025
    Dewey Decimal Classification       Naharkatiya College Library Naharkatiya College Library General stacks 01/21/2023 260.00 4 155.4/ GOG 29220 02/14/2025 3 01/21/2023 Books 01/28/2025